| 000 | 00358pab a2200145 454500 | ||
|---|---|---|---|
| 008 | 180718b2001 xxu||||| |||| 00| 0 eng d | ||
| 100 | _aRangarajan, C. | ||
| 245 | _aEconomic reforms: some issues and concerns | ||
| 260 | _c2001 | ||
| 300 | _ap.1-6 | ||
| 362 | _aOct-Dec | ||
| 650 | _aEconomic reform | ||
| 773 | _aIndian Economic Journal | ||
| 909 | _a51514 | ||
| 999 |
_c51514 _d51514 |
||